Answers to tough questions skeptics ask about the Christian faith / (Record no. 963)

MARC details
000 -LEADER
fixed length control field 00857cam a2200265 i 4500
001 - CONTROL NUMBER
control field 4664710
003 - CONTROL NUMBER IDENTIFIER
control field GBCCL
005 - DATE AND TIME OF LATEST TRANSACTION
control field 20241126110350.0
008 - FIXED-LENGTH DATA ELEMENTS--GENERAL INFORMATION
fixed length control field 801217s1980 cau b 000 0 eng
010 ## -
-- 80067432
020 ## - INTERNATIONAL STANDARD BOOK NUMBER
International Standard Book Number 091895665X (pbk.) :
Terms of availability $4.95
040 ## - CATALOGING SOURCE
Original cataloging agency DLC
Transcribing agency DLC
Modifying agency DLC
050 00 -
-- BT1102
-- .M24
082 00 - DEWEY DECIMAL CLASSIFICATION NUMBER
Classification number 239
Edition information 19
Item number MCD
100 1# - MAIN ENTRY--PERSONAL NAME
Personal name McDowell, Josh.
9 (RLIN) 1225
245 10 - TITLE STATEMENT
Title Answers to tough questions skeptics ask about the Christian faith /
Statement of responsibility, etc. Josh McDowell and Don Stewart.
260 ## - PUBLICATION, DISTRIBUTION, ETC.
Place of publication, distribution, etc. San Bernardino, Calif. :
Name of publisher, distributor, etc. Here's Life Publishers,
Date of publication, distribution, etc. c1983.
300 ## - PHYSICAL DESCRIPTION
Extent 198 p. ;
Dimensions 21 cm.
504 ## - BIBLIOGRAPHY, ETC. NOTE
Bibliography, etc. note Includes bibliographies.
650 #0 - SUBJECT ADDED ENTRY--TOPICAL TERM
Topical term or geographic name entry element Apologetics.
9 (RLIN) 85
650 #0 - SUBJECT ADDED ENTRY--TOPICAL TERM
Topical term or geographic name entry element Christianity
Form subdivision Miscellanea.
9 (RLIN) 86
700 1# - ADDED ENTRY--PERSONAL NAME
Personal name Stewart, Don Douglas,
Relator term joint author.
9 (RLIN) 1227
906 ## - LOCAL DATA ELEMENT F, LDF (RLIN)
a 7
b cbc
c orignew
d 2
e opcn
f 19
g y-gencatlg
942 ## - ADDED ENTRY ELEMENTS (KOHA)
Source of classification or shelving scheme Dewey Decimal Classification
Koha item type Books
Koha issues (borrowed), all copies 11
Holdings
Withdrawn status Lost status Source of classification or shelving scheme Damaged status Not for loan Home library Current Library Shelving location Date acquired Total checkouts Total renewals Full call number Barcode Date last seen Date last checked out Copy number Price effective from Koha item type
    Dewey Decimal Classification     GRACE BIBLE COLLEGE GRACE BIBLE COLLEGE Theology 2017-03-31 14 2 239 MCD 001046 2025-05-01 2024-07-31 c.1 2017-03-31 Books
© Grace Bible College Library 2025